Human resource management : (Record no. 5260)

MARC details
000 -LEADER
fixed length control field 00564 a2200181 4500
010 ## - LCCN (DPL NO)
LC control number ENG-86797
020 ## - INTERNATIONAL STANDARD BOOK NUMBER
Terms of availability 695.00
International Standard Book Number 813130163X
035 ## - SYSTEM CONTROL NUMBER
System control number EN-70330
037 ## - SOURCE OF ACQUISITION
Source of stock number/acquisition DBAD / PUB
082 00 - DEWEY DECIMAL CLASSIFICATION NUMBER
Classification number 658.3
100 1# - MAIN ENTRY--PERSONAL NAME
Personal name Chandramohan, A.
245 10 - TITLE STATEMENT
Title Human resource management :
Statement of responsibility, etc by A. Chandramohan
Remainder of title text and cases /
260 ## - PUBLICATION, DISTRIBUTION, ETC. (IMPRINT)
Place of publication, distribution, etc New Delhi
Name of publisher, distributor, etc A P H Publishing
Date of publication, distribution, etc 2007
270 ## - ADDRESS
Address 5, Ansari Road, Darya Ganj
City New Delhi
Electronic mail address aphbooks@vsnl.net
Postal code 110 002
300 ## - PHYSICAL DESCRIPTION
Extent v, 295p
Dimensions 22 cm (Hb)
500 ## - GENERAL NOTE
General note Includes index
942 ## - ADDED ENTRY ELEMENTS (KOHA)
Institution code [OBSOLETE] dpl
Item type English Books
Source of classification or shelving scheme Dewey Decimal Classification
Classification part 658.3
Call number suffix CHA
Holdings
Withdrawn status Lost status Not for loan Collection code Home library Current library Source of acquisition Cost, normal purchase price Full call number Barcode Copy number Cost, replacement price Koha item type
    Not For Loan Non-fiction D.B.Act.Division D.B.Act.Division DBAD/PUB 695.00 658.3 CHA EN-70330 1 695.00 English Books

© Delhi Public Library
Hit Counter
free hit counter